Food supplies at a glance (Record no. 484459)

000 -LEADER
fixed length control field 00413cam a22001217a 4500
008 - FIXED-LENGTH DATA ELEMENTS--GENERAL INFORMATION
fixed length control field 180718b-- xxu||||| |||| 00| 0 eng d
082 ## - DEWEY DECIMAL CLASSIFICATION NUMBER
Classification number Z2x5414 G
245 ## - TITLE STATEMENT
Title Food supplies at a glance
260 ## - PUBLICATION, DISTRIBUTION, ETC.
Place of publication, distribution, etc. Bhubaneswar
Name of publisher, distributor, etc. Food Supplies and Consumer Welfare Department
Date of publication, distribution, etc. --
500 ## - GENERAL NOTE
General note Library has 2010/11
650 ## - SUBJECT ADDED ENTRY--TOPICAL TERM
Topical term or geographic name entry element Rationing, Consumer - India - Orissa
700 ## - ADDED ENTRY--PERSONAL NAME
Personal name Orissa. Food Supplies and Consumer Welfare Department
Holdings
Withdrawn status Lost status Damaged status Not for loan Permanent Location Current Location Date acquired Full call number Barcode Date last seen Price effective from Koha item type
        Indian Institute of Public Administration Indian Institute of Public Administration 2018-08-04 Z2x5414 G GG30078 2018-08-04 2018-08-04 GG

Powered by Koha